| 000 | 00637nam a22002177a 4500 | ||
|---|---|---|---|
| 005 | 20140423101728.0 | ||
| 010 | _aENG-109281 | ||
| 020 |
_a9789380224176 _c1250.00 |
||
| 035 | _aEN-92814 | ||
| 037 | _bDBAD/PUB | ||
| 082 | _a302.23 | ||
| 100 | _aPahad, Anjali | ||
| 245 |
_aMedia and democracy / _cby Anjali Pahad [and] Varsha Parikh |
||
| 250 | _a | ||
| 260 |
_aJaipur _bShruti Publications _c2012 |
||
| 270 |
_a50- Ka-6, Jyoti Nagar _bJaipur _e302005 |
||
| 300 |
_axii,402p. : _c22cm(Hb) _bill. |
||
| 500 | _aIncludes bibliographical references | ||
| 700 | _aParikh, Varsha | ||
| 942 |
_2ddc _cEN _mPAH _h302.23 |
||
| 999 |
_c82439 _d82439 |
||